Statistiche per Stati che iniziano con la S

Clicka qui per fare il quiz!

Statistiche generali

  • Questo quiz è stato fatto 51 volte
    (24 dall'ultimo reset)
  • Il punteggio medio è 16 su 25

Statistiche sulle risposte

Superficie (km²)Popolazione (ab.)Stato% Corretto
88 3616 926 705Serbia
90%
6133 640San Marino
86%
447 42510 373 225Svezia
86%
49 0375 460 136Slovacchia
81%
20 2732 111 461Slovenia
81%
505 99146 789 810Spagna
81%
196 72216 705 608Senegal
76%
1 861 48445 936 533Sudan
76%
26152 823Saint Kitts e Nevis
71%
7285 685 807Singapore
71%
2 842202 506Samoa
67%
163 820590 100Suriname
67%
41 2848 632 703Svizzera
67%
616178 696Saint Lucia
62%
389110 696Saint Vincent e Grenadine
62%
637 65715 993 209Somalia
62%
1 221 03760 795 769Sudafrica
62%
644 32913 249 924Sudan del Sudan
62%
9 833 517336 390 315Stati Uniti
57%
185 18017 500 657Siria
52%
65 61021 803 000Sri Lanka
52%
45298 462Seychelles
43%
964210 240São Tomé e Príncipe
38%
71 7408 100 318Sierra Leone
38%
702104 650Stati Federati di Micronesia
10%

Distribuzione punteggi

Percentile per numero di risposta

Percentuale di utenti per punteggio

I tuoi punteggi nel tempo

Non hai fatto questo quiz dall'ultimo reset